Statistics for Who is on U.S. Currency?

Click here to take the quiz!

General Stats

  • This quiz has been taken 184 times
  • The average score is 13 of 20

Answer Stats

DenominationPerson% Correct
PennyAbraham Lincoln
94%
$1 BillGeorge Washington
92%
QuarterGeorge Washington
87%
$5 BillAbraham Lincoln
85%
$20 BillAndrew Jackson
85%
$100 BillBenjamin Franklin
85%
NickelThomas Jefferson
85%
$10 BillAlexander Hamilton
75%
DimeFranklin Roosevelt
75%
$50 BillUlysses S. Grant
73%
$2 BillThomas Jefferson
70%
Half DollarJohn F. Kennedy
69%
Dollar CoinDwight D. Eisenhower
60%
Susan B. Anthony
53%
Sacagawea
49%
$500 BillWilliam McKinley
35%
$100,000 BillWoodrow Wilson
32%
$1000 BillGrover Cleveland
30%
$5000 BillJames Madison
28%
$10,000 BillSalmon P. Chase
21%

Score Distribution

Percentile by Number Answered

Percent of People with Each Score

Your Score History

You have not taken this quiz